000 01139nam a2200217 a 4500
001 000002538
005 20200929150217.0
008 040929m1948 fr b 001 0 fre
040 _aDO-SdBNP
_bspa
_cBNPHU
082 _a944.04
_bS713e
100 1 _aSorel, Albert,
_d1842-1906.
_97976
245 1 2 _aL'Europe et la revolution francaise /
_cAlbert Sorel.
260 _aParis :
_ble petits fils de plon et nourrit,
_c[1948].
300 _a8 v. ;
_c23 cm.
505 0 _av. 1. Las paredes y las tradiciones políticas - v. 2. La caída de la monarquía - v. 3. La guerra contra los reyes, 1792-1793 - v. 4. Los límites naturales, 1794-1795 - v. 5. Bonaparte y el Directorio, 1795-1799 - v. 6. La tregua: Lunéville y Amiens, 1800-1805 - v. 7. El bloqueo continental: el gran imperio, 1806-1812 - v. 8. La coalición, los proyectos de 1815, 1812-1815.
500 _aLa biblioteca posee los volúmenes 5 y 8.
504 _aIncluye referencias bibliográficas.
651 4 _aFrancia
_xRevoluci{On
_xHistoria
_y1789-1815.
_97977
651 4 _aEuropa
_xHistoria
_y1789-1815.
_97978
710 1 _aJohn Boyd Thacher Collection (Library of Congress)
_97979
999 _c2374
_d2374